|
|
|
|
| LEADER |
00000cam a22000002c 4500 |
| 001 |
1083934937 |
| 003 |
DE-627 |
| 005 |
20250224154500.0 |
| 007 |
tu |
| 008 |
880415s1951 xx ||||| 00| ||und c |
| 035 |
|
|
|a (DE-627)1083934937
|
| 035 |
|
|
|a (DE-576)013934937
|
| 035 |
|
|
|a (DE-599)BSZ013934937
|
| 035 |
|
|
|a (OCoLC)310880930
|
| 040 |
|
|
|a DE-627
|b ger
|c DE-627
|e rakwb
|
| 100 |
1 |
|
|a Paterson, Alexander
|4 aut
|
| 245 |
1 |
0 |
|a Paterson on prisons
|b being the coll. papers of Sir Alexander Paterson
|c Sir Alexander Paterson. Ed. with an introd. by S. K. Ruck
|
| 264 |
|
1 |
|a London
|b Muller
|c 1951
|
| 300 |
|
|
|a 192 S.
|
| 336 |
|
|
|a Text
|b txt
|2 rdacontent
|
| 337 |
|
|
|a ohne Hilfsmittel zu benutzen
|b n
|2 rdamedia
|
| 338 |
|
|
|a Band
|b nc
|2 rdacarrier
|
| 583 |
1 |
|
|a Archivierung prüfen
|c 20200919
|f DE-640
|z 2
|2 pdager
|
| 700 |
1 |
|
|a Ruck, S. K.
|e Hrsg.
|4 edt
|
| 787 |
0 |
8 |
|i Rezensiert in
|a Fairn, R. Duncan
|t [Rezension von: Paterson, Alexander, Paterson on prisons]
|d 1951
|w (DE-627)1918271011
|
| 951 |
|
|
|a BO
|
| ELC |
|
|
|b 1
|
| LOK |
|
|
|0 000 xxxxxcx a22 zn 4500
|
| LOK |
|
|
|0 001 2105544185
|
| LOK |
|
|
|0 003 DE-627
|
| LOK |
|
|
|0 004 1083934937
|
| LOK |
|
|
|0 005 20020606000000
|
| LOK |
|
|
|0 008 880415||||||||||||||||ger|||||||
|
| LOK |
|
|
|0 040
|a DE-21
|c DE-627
|d DE-21
|
| LOK |
|
|
|0 852
|a DE-21
|
| LOK |
|
|
|0 852 1
|c KB 15 A 254
|9 00
|
| LOK |
|
|
|0 935
|a krim
|
| LOK |
|
|
|0 936ln
|a k12.2
|
| LOK |
|
|
|0 939
|a 15-04-88
|b l01
|
| ORI |
|
|
|a SA-MARC-krimdoka001.raw
|
| SIG |
|
|
|a UB: KB 15 A 254
|